000 00413nam a2200157 4500
001 126864
003 ES-MaACL
005 20230906192909.0
007 t|
008 070214s1914 fr r ||||1| fre d
100 1 _aRey, Etienne.
_996490
245 1 0 _aMaximes morales et inmorales /
_cEtienne Rey.
260 _aParis :
_bE. Arrault et Cie,
_c1914.
300 _a208 p. ;
_c19 cm.
852 _aES-MaACL
_jD-4226
999 _c126864
_d126864